| 000 | 01287nam a2200241Ia 4500 | ||
|---|---|---|---|
| 003 | Ost | ||
| 005 | 20260416102352.0 | ||
| 008 | 260416s9999||||xx |||||||||||||| ||und|| | ||
| 040 | _cfsecg | ||
| 041 | _aara | ||
| 082 | _a338.5 | ||
| 100 |
_aبوجرادة، سهيلة _eمؤلف |
||
| 245 | 0 |
_aالإقتصاد الجزئي 1 : _b ملخص دروس مدعم بتمارين و أسئلة نظرية محلولة / _c سهيلة بوجرادة |
|
| 260 |
_aالجزائر _bجامعة الجزائر3: كلية العلوم الإقتصادية، العلوم التجارية وعلوم التسيير _c2017 |
||
| 300 |
_a116 ورقة _bايضاحات _c30 سم |
||
| 504 | _aمراجع ص.116 | ||
| 520 | _aالمشكلة الاقتصادية في الانظمة الاقتصادية المختلفة، نظرية الطلب، نظرية العرض، توازن السوق، المرونة، تطبيقات على توازن السوق، نظرية سلوك المستهلك | ||
| 653 | _aالإقتصاد الجزئي | ||
| 653 | _aالعرض و الطلب | ||
| 653 | _aالمستهلكون | ||
| 710 |
_aجامعة الجزائر3: كلية العلوم الإقتصادية، العلوم التجارية وعلوم التسيير _eناشر علمي |
||
| 942 | _cHANDOUT | ||
| 999 |
_c41057 _d41057 |
||